| Tag |
First Indicator |
Second Indicator |
Subfields |
| LEADER |
00000cam a2200000 4500 |
| 001 |
in00000285513 |
| 005 |
20151010073115.0 |
| 008 |
740701s1959 nyuabf b 00000 eng |
| 010 |
|
|
|a 59011019
|
| 035 |
|
|
|a (OCoLC)00932762
|
| 035 |
|
|
|9 ABF0348AM
|
| 040 |
|
|
|c AKR
|d TXA
|d UtOrBLW
|
| 049 |
|
|
|a TXAM
|c 310596]
|
| 050 |
0 |
0 |
|a BL310
|b .G853
|
| 082 |
0 |
|
|a 290
|
| 245 |
0 |
0 |
|a Larousse encyclopedia of mythology /
|c With an introd. by Robert Graves. [Translated by Richard Aldington and Delano Ames, and rev. by a panel of editorial advisers from the Larousse mythologie generale, edited by Felix Guirand].
|
| 264 |
|
1 |
|a New York :
|b Prometheus Press,
|c 1959.
|
| 300 |
|
|
|a viii, 500 pages :
|b illustrations, color plates, maps. ;
|c 30 cm.
|
| 336 |
|
|
|a text
|b txt
|2 rdacontent
|
| 337 |
|
|
|a unmediated
|b n
|2 rdamedia
|
| 338 |
|
|
|a volume
|b nc
|2 rdacarrier
|
| 504 |
|
|
|a Bibliography: pages [493]-494.
|
| 650 |
|
0 |
|a Mythology.
|
| 650 |
|
0 |
|a Folklore.
|
| 700 |
1 |
|
|a Guirand, Félix.
|t Mythologie generale.
|
| 999 |
|
|
|a MARS
|
| 999 |
f |
f |
|s e2e72954-8d1a-3a68-bc50-80fcf9cb7c25
|i d66ad587-6dad-38e6-a6fb-4d4342f67c0c
|t 0
|
| 952 |
f |
f |
|p normal
|a Texas A&M University
|b College Station
|c Sterling C. Evans Library
|d Evans: Library Stacks
|t 0
|e BL310 .G853
|h Library of Congress classification
|i unmediated -- volume
|m A14801735419
|
| 998 |
f |
f |
|a BL310 .G853
|t 0
|l Evans: Library Stacks
|